000 00853nam0a22002531 4500
001 rc\2778419
005 20250806205552.0
035 _a(NLR Aleph) 006904671
090 _a33788
_c33788
100 _a20110915d1942 u y0rusy50 ca
101 0 _arus
102 _aRU
105 _aa z |||||
200 1 _aГлазомерная и перспективная съемка
_fИ. А. Сериков
210 _aКрасноярск
_cВоениздат НКО СССР, Красноярск. отд.
_d1942
215 _a74, [2] с.
_cил.
_d14 см.
700 1 _aСериков
_bИ.А.
_gИннокентий Адрианович
801 0 _aRU
_bNLR
_gpsbo
801 1 _aRU
_bELAR
_2rusmarc
852 _aNLR
_jВ10 Г-2/43
942 _cBOOK
945 _aРоссийская национальная библиотека
980 _aNB
980 _aBV